| 000 | 00654nam a2200241 4500 | ||
|---|---|---|---|
| 001 | 2668512 | ||
| 003 | ARRUPE | ||
| 005 | 20240215112419.0 | ||
| 008 | 731102s1973 nyu 000 1 eng | ||
| 010 | _a 73009347 | ||
| 020 | _a0385043929 | ||
| 040 |
_aDLC _cDLC _dDLC |
||
| 050 | 0 | 0 | _aPZ4.D794 |
| 082 | 0 | 0 | _a813/.5/4 |
| 100 | 1 |
_aDrury, Allen. _952418 |
|
| 245 | 1 | 0 |
_aCome Nineveh, come Tyre; _bthe presidency of Edward M. Jason. |
| 250 | _a[1st ed.] | ||
| 260 |
_aGarden City, N.Y., _bDoubleday, _c1973. |
||
| 300 |
_axii, 481 p. _c25 cm. |
||
| 350 | _a$8.95 | ||
| 906 |
_a7 _bcbc _corignew _d2 _eocip _f19 _gy-gencatlg |
||
| 942 |
_2lcc _cMONOGRAPH |
||
| 999 |
_c131793 _d131793 |
||